Применение гелей на основе хитозана и полиэтиленгликоля для очистки поверхности меди; Перспективы развития фундаментальных наук; Т. 2 : Химия
| Parent link: | Курзина, И. А. (химик ; 1972-). Перспективы развития фундаментальных наук=Prospects of Fundamental Sciences Development: сборник научных трудов XXI Международной конференции студентов, аспирантов и молодых ученых, г. Томск, 23-26 апреля 2024 г..— .— Томск: Изд-во ТПУ Т. 2 : Химия.— 2024.— С. 173-175 |
|---|---|
| 1. autor: | |
| Korporacja: | |
| Kolejni autorzy: | , |
| Streszczenie: | Заглавие с экрана In the present study, we propose the use of chitosan-based gels for the purification of copper and bronze. To create good adhesion of the films, citric acid and polyethylene glycol were introduced into the matrix. The addition of citric acid leads to an increase in the electrode potential of copper. The gel allows for gentle cleaning of the surface within 1 – 2 days Текстовый файл |
| Język: | rosyjski |
| Wydane: |
2024
|
| Hasła przedmiotowe: | |
| Dostęp online: | http://earchive.tpu.ru/handle/11683/80519 |
| Format: | MixedMaterials Elektroniczne Rozdział |
| KOHA link: | https://koha.lib.tpu.ru/cgi-bin/koha/opac-detail.pl?biblionumber=674058 |
MARC
| LEADER | 00000naa2a2200000 4500 | ||
|---|---|---|---|
| 001 | 674058 | ||
| 005 | 20241004104844.0 | ||
| 090 | |a 674058 | ||
| 100 | |a 20240813d2024 k||y0rusy50 ca | ||
| 101 | 0 | |a rus | |
| 102 | |a RU | ||
| 135 | |a drcn ---uucaa | ||
| 200 | 1 | |a Применение гелей на основе хитозана и полиэтиленгликоля для очистки поверхности меди |d Application of gels based on chitosan and polyethylene glycol for cleaning copper surface |f Лю Тинтин, Ван Тао |g науч. рук. Г. В. Лямина ; Национальный исследовательский Томский политехнический университет |z eng | |
| 300 | |a Заглавие с экрана | ||
| 320 | |a Список литературы: 3 назв. | ||
| 330 | |a In the present study, we propose the use of chitosan-based gels for the purification of copper and bronze. To create good adhesion of the films, citric acid and polyethylene glycol were introduced into the matrix. The addition of citric acid leads to an increase in the electrode potential of copper. The gel allows for gentle cleaning of the surface within 1 – 2 days | ||
| 336 | |a Текстовый файл | ||
| 461 | 1 | |0 674010 |t Перспективы развития фундаментальных наук |l Prospects of Fundamental Sciences Development |o сборник научных трудов XXI Международной конференции студентов, аспирантов и молодых ученых, г. Томск, 23-26 апреля 2024 г. |9 674010 |a Курзина, И. А. (химик ; 1972-) |c Томск |n Изд-во ТПУ | |
| 463 | 1 | |0 674011 |t Т. 2 : Химия |v С. 173-175 |d 2024 |9 674011 |p 1 файл (59,5 MB, 313 с.) |u conference_tpu-2024-C21_V2.pdf |l Volume 2 : Chemistry | |
| 610 | 1 | |a труды учёных ТПУ | |
| 610 | 1 | |a электронный ресурс | |
| 610 | 1 | |a chitosan | |
| 610 | 1 | |a polymeric gel | |
| 610 | 1 | |a copper | |
| 610 | 1 | |a cleaning of metal surface | |
| 700 | 0 | |a Лю Тинтин | |
| 701 | 0 | |a Ван Тао | |
| 702 | 1 | |a Лямина |b Г. В. |c химик |c доцент Томского политехнического университета, кандидат химических наук |f 1974- |g Галина Владимировна |4 727 | |
| 712 | 0 | 2 | |a Национальный исследовательский Томский политехнический университет |c (2009- ) |9 26305 |4 570 |
| 801 | 0 | |a RU |b 63413507 |c 20240813 |g RCR | |
| 856 | 4 | |z http://earchive.tpu.ru/handle/11683/80519 |u http://earchive.tpu.ru/handle/11683/80519 | |
| 942 | |c CF | ||